Introduction to microbiology (Record no. 95544)
[ view plain ]
| 000 -LEADER | |
|---|---|
| fixed length control field | 00491nam a2200205Ia 4500 |
| 003 - CONTROL NUMBER IDENTIFIER | |
| control field | OSt |
| 005 - DATE AND TIME OF LATEST TRANSACTION | |
| control field | 20250729145550.0 |
| 008 - FIXED-LENGTH DATA ELEMENTS--GENERAL INFORMATION | |
| fixed length control field | 210210b1991 xxu||||| |||| 00| 0 eng d |
| 020 ## - INTERNATIONAL STANDARD BOOK NUMBER | |
| International Standard Book Number | 0852268785 |
| 040 ## - CATALOGING SOURCE | |
| Transcribing agency | AL |
| 082 ## - DEWEY DECIMAL CLASSIFICATION NUMBER | |
| Classification number | 576 TAUI |
| 100 ## - MAIN ENTRY--PERSONAL NAME | |
| Personal name | Tauro P |
| 9 (RLIN) | 220644 |
| 245 ## - TITLE STATEMENT | |
| Title | Introduction to microbiology |
| 260 ## - PUBLICATION, DISTRIBUTION, ETC. | |
| Place of publication, distribution, etc. | Pune |
| Name of publisher, distributor, etc. | Wieley Eastern Ltd |
| Date of publication, distribution, etc. | 1991 |
| 300 ## - PHYSICAL DESCRIPTION | |
| Extent | x,412p |
| 650 ## - SUBJECT ADDED ENTRY--TOPICAL TERM | |
| Topical term or geographic name entry element | Microbiology |
| 9 (RLIN) | 220645 |
| 690 ## - LOCAL SUBJECT ADDED ENTRY--TOPICAL TERM (OCLC, RLIN) | |
| Topical term or geographic name as entry element | Microbiology |
| 9 (RLIN) | 220645 |
| 906 ## - LOCAL DATA ELEMENT F, LDF (RLIN) | |
| a | 045893 |
| 942 ## - ADDED ENTRY ELEMENTS (KOHA) | |
| Source of classification or shelving scheme | Dewey Decimal Classification |
| Koha item type | Book |
| Withdrawn status | Lost status | Source of classification or shelving scheme | Damaged status | Not for loan | Collection code | Home library | Current library | Shelving location | Date acquired | Cost, normal purchase price | Total Checkouts | Full call number | Barcode | Date last seen | Price effective from | Koha item type |
|---|---|---|---|---|---|---|---|---|---|---|---|---|---|---|---|---|
| Dewey Decimal Classification | Microbiology | St Aloysius Library | St Aloysius Library | Secondary stack section | 02/17/2021 | 65.00 | 576 TAUI | 045894 | 02/17/2021 | 02/17/2021 | Book | |||||
| Dewey Decimal Classification | Microbiology | St Aloysius Library | St Aloysius Library | Secondary stack section | 02/17/2021 | 65.00 | 576 TAUI | 046315 | 02/17/2021 | 02/17/2021 | Book | |||||
| Dewey Decimal Classification | Microbiology | St Aloysius Library | St Aloysius Library | Secondary stack section | 02/17/2021 | 65.00 | 576 TAUI | 046752 | 02/17/2021 | 02/17/2021 | Book | |||||
| Dewey Decimal Classification | Microbiology | St Aloysius Library | St Aloysius Library | Secondary stack section | 02/17/2021 | 65.00 | 576 TAUI | 045893 | 02/17/2021 | 02/17/2021 | Book |